000 00890nam a2200277Ia 4500
005 20220317001100.0
008 160825s1986 ck a g 000 0 spa
020 _a9586120244
082 0 4 _a371.9
_bB24n
100 1 _aBejarano, Gloria
245 1 0 _aNuestra creatividad
_cGloria Bejarano
250 _a1a. edición
300 _a118 páginas
_bilustraciones
_c24 cm
490 _aCartillas de desarrollo cultural
504 _aIncluye bibliografía
650 1 4 _2LEMB
_aAptitud creadora
650 1 4 _2LEMB
_aMétodos de enseñanza
650 1 4 _2LEMB
_aPsicología del aprendizaje
650 1 4 _2LEMB
_aPsicología infantil
942 _2ddc
_cBK
264 _aTibaitatá
_bInstituto Colombiano de Cultura
_c1986
336 _atexto
_btxt
_2rdacontent
337 _asin mediación
_bn
_2rdamedia
338 _avolumen
_bnc
_2rdacarrier
040 _aCO-BoRNBP
_bspa
_erda
_cCO-BoRNBP
999 _c5876
_d5876